=LDR 00000nam 2200000 4500 =001 NUTBA000000000006305 =005 20141202064820.0 =006 =007 =008 =020 ##$$a 978.979.29.2222-8 =035 ##$$0010-121400000000029 =040 ##$$a NBPDMAT =082 ##$$a 649.1 =090 ##$$a 649.1$bDes s =100 ##$$a Dessy Danarti =245 ##$$a 145 question & Answere$bSmart porenting menjadi orang tua pintar agar anak sukses$cDessy Danarti; editor Ninak =250 ##$$a Cet. 1 =260 ##$$a Yogyakarta$G Media$c2010 =300 ##$$a xxiv, 184 hlm$bilus$c21 cm =500 ##$$a Bibliografi hlm : 183 =650 ##$$a Anak Perawatan dan Kesehatan =850 ##$$a NBPDMAT =990 ##$$a 0001/BPAP-NTB/20142015